Online Catalogue and eLibrary

Religion in South Asia (Record no. 773)

MARC details
000 -LEADER
fixed length control field 00457nam a2200181Ia 4500
005 - DATE AND TIME OF LATEST TRANSACTION
control field 20240717002244.0
008 - FIXED-LENGTH DATA ELEMENTS--GENERAL INFORMATION
fixed length control field 240331s9999 xx 000 0 und d
020 ## - INTERNATIONAL STANDARD BOOK NUMBER
ISBN 8185425469
082 ## - DDC Classification
Class No. 200
Item Number - Author Mark REL
245 #0 - TITLE STATEMENT
Title Religion in South Asia
250 ## - EDITION STATEMENT
Edition statement Second Revised & Enlarged Edition
260 ## - PUBLICATION, DISTRIBUTION, ETC.
Place of publication, distribution, etc. New Delhi
Name of publisher, distributor, etc. Manohar Publishers
Date of publication, distribution, etc. 1991
300 ## - PHYSICAL DESCRIPTION
Extent (e.g. Volumes, Pages etc.) viii, 272 p .,
650 ## - SUBJECT ADDED ENTRY--TOPICAL TERM
Topical term or geographic name entry element Religions
650 ## - SUBJECT ADDED ENTRY--TOPICAL TERM
Topical term or geographic name entry element Society
700 ## - ADDED ENTRY--PERSONAL NAME
Personal name Oddie, A.G
Relator term (Role) Editor
942 ## - Koha item type (Biblio)
Koha item type Books in Stacks (Lending)
Holdings
Lost status Damaged status Collection code Home library Current library Shelving location Date acquired Full call number Accession Number Item type
    Lending WERC Library WERC Library Social Science Cupboard 03/31/2024 200 REL 938 Books in Stacks (Lending)

© WERC Library